International Disputes (Record no. 1190422)

MARC details
000 -LEADER
fixed length control field 00724nam a2200253Ia 4500
003 - CONTROL NUMBER IDENTIFIER
control field OSt
005 - DATE AND TIME OF LATEST TRANSACTION
control field 20221007110315.0
008 - FIXED-LENGTH DATA ELEMENTS--GENERAL INFORMATION
fixed length control field 221006b |||||||| |||| 00| 0 eng d
020 ## - INTERNATIONAL STANDARD BOOK NUMBER
International Standard Book Number 0900362391
037 ## - SOURCE OF ACQUISITION
Terms of availability Textual
040 ## - CATALOGING SOURCE
Original cataloging agency LCO
Transcribing agency LCO
Language of cataloging eng
041 ## - LANGUAGE CODE
Source of code eng
Language code of text/sound track or separate title eng
245 #0 - TITLE STATEMENT
Title International Disputes
Remainder of title The Legal Aspects
260 ## - PUBLICATION, DISTRIBUTION, ETC.
Place of publication, distribution, etc. London
Name of publisher, distributor, etc. Europa Publications U.K.
Date of publication, distribution, etc. 1972
300 ## - PHYSICAL DESCRIPTION
Extent 325
500 ## - GENERAL NOTE
General note Report of a Study Group of the David Davies Memorial Institute of International Studies
650 ## - SUBJECT ADDED ENTRY--TOPICAL TERM
Topical term or geographic name entry element INTERNATIONAL DISPUTES
9 (RLIN) 702751
942 ## - ADDED ENTRY ELEMENTS (KOHA)
Classification part Z1, L2
Koha item type Textual
Holdings
Withdrawn status Lost status Damaged status Not for loan Home library Current library Date acquired Total Checkouts Full call number Barcode Date last seen Price effective from Koha item type
        Law Centre-I Library Law Centre-I Library 2022-10-07   Z1 L2 LO0006015 2022-10-07 2022-10-07 Textual
Copyright @ Delhi University Library System